000 00598nam a22002177a 4500
003 OSt
005 20170323173225.0
008 170323b xxu||||| |||| 00| 0 eng d
020 _a0443058164
040 _cDMLN
082 _aQV737 C61c 1999
100 _aEdited by Roger, Walker; Clive, Edwards
_911936
245 _aClinical Pharmacy and Therapeutics
250 _a2nd ed.
260 _aEdinburgh; Churchill, 1999
300 _axiii,908p; ill: 25cm
504 _aReferences, appendices, & index included
650 _aPharmacy
_911937
650 _aTherapeutics
_91626
942 _2z
_cSLOAN
999 _c5733
_d5733